[Event "SVK-chT 1314"]
[Site "Slovakia"]
[Date "2013.12.08"]
[Round "4.5"]
[White "Pastir, Stanislav"]
[Black "Rasik, Vitezslav"]
[Result "0-1"]
[WhiteElo "2156"]
[BlackElo "2450"]
[PlyCount "122"]
[EventDate "2013.11.09"]
[EventType "team-tourn"]
[EventRounds "11"]
[EventCountry "SVK"]
[SourceTitle "CBM 157 Extra"]
[Source "ChessBase"]
[SourceDate "2013.12.19"]
[SourceVersion "1"]
[SourceVersionDate "2013.12.19"]
[SourceQuality "1"]
[WhiteTeam "Kosice Slavia TU"]
[BlackTeam "Liptovsky Mikulas"]
[WhiteTeamCountry "SVK"]
[BlackTeamCountry "SVK"]

1. d4 Nf6 2. Nf3 g6 3. g3 Bg7 4. Bg2 0-0 5. 0-0 d6 6. Nc3 Nbd7 7. d5 e5 8. dxe6 fxe6 9. Nd4 Nb6 10. e4 e5 11. Nde2 Be6 12. a4 Qd7 13. a5 Nc8 14. b3 Ne7 15. a6 b6 16. Ba3 Rad8 17. Nd5 Nfxd5 18. exd5 Bh3 19. c4 Bxg2 20. Kxg2 c6 21. Nc3 e4 22. Nxe4 cxd5 23. cxd5 Bxa1 24. Qxa1 Qf5 25. Qd4 Qxd5 26. Qxd5+ Nxd5 27. Nxd6 Rd7 28. Re1 Rfd8 29. Nb7 Ra8 30. Nd6 Rad8 31. Nb7 Ra8 32. Nd6 Re7 33. Rd1 Nf6 34. Rc1 Rd7 35. Re1 Rad8 36. Re6 Nd5 37. Nb7 Ra8 38. Nd6 Nc7 39. Re3 Nxa6 40. Ne4 Rf7 41. Bb2 Raf8 42. f4 Nc5 43. Nd6 Rd7 44. Be5 a5 45. Nc4 Rd3 46. Rxd3 Nxd3 47. Nxb6 Nxe5 48. fxe5 Rb8 49. Nc4 Rb5 50. Kf2 Kf8 51. Ke2 Ke7 52. Kd2 Rxb3 53. Nxa5 Rb2+ 54. Ke3 Rxh2 55. Nc6+ Ke6 56. Nd4+ Kd5 57. Nf3 Rh5 58. g4 Rh3 59. Kf4 Rxf3+ 60. Kxf3 Kxe5 61. Ke3 g5 0-1

[Event "SVK-chT2D 1314"]
[Site "Slovakia"]
[Date "2013.10.19"]
[Round "1.1"]
[White "Tropp, Lukas"]
[Black "Pastir, Stanislav"]
[Result "1/2-1/2"]
[WhiteElo "2103"]
[BlackElo "2167"]
[PlyCount "24"]
[EventDate "2013.10.19"]
[EventType "team-tourn"]
[EventRounds "11"]
[EventCountry "SVK"]
[SourceTitle "EXT 2015"]
[Source "ChessBase"]
[SourceDate "2014.11.20"]
[SourceVersion "1"]
[SourceVersionDate "2014.11.20"]
[SourceQuality "1"]
[WhiteTeam "Kosice Slavia TU IV"]
[BlackTeam "Presov Slavia PU"]
[WhiteTeamCountry "SVK"]
[BlackTeamCountry "SVK"]

1. e4 c5 2. Nf3 d6 3. d3 Nc6 4. g3 g6 5. Bg2 Bg7 6. 0-0 Nf6 7. Re1 e5 8. c3 0-0 9. a3 Qc7 10. b4 a6 11. Bb2 b5 12. Nbd2 Bb7 1/2-1/2

[Event "Tatry op"]
[Site "Tatranske Zruby"]
[Date "2013.09.29"]
[Round "1"]
[White "Pastir, Stanislav"]
[Black "Jossien, Remy"]
[Result "1/2-1/2"]
[WhiteElo "2167"]
[BlackElo "2288"]
[PlyCount "43"]
[EventDate "2013.09.29"]
[EventType "swiss"]
[EventRounds "9"]
[EventCountry "SVK"]
[SourceTitle "CBM 156 Extra"]
[Source "ChessBase"]
[SourceDate "2013.10.22"]
[SourceVersion "1"]
[SourceVersionDate "2013.10.22"]
[SourceQuality "1"]

1. e4 e5 2. Nf3 Nc6 3. Bb5 a6 4. Ba4 Bc5 5. 0-0 d6 6. c3 f6 7. d4 Ba7 8. d5 b5 9. dxc6 bxa4 10. Qxa4 Ne7 11. Nbd2 0-0 12. Nc4 Bg4 13. Be3 Bxf3 14. gxf3 Qe8 15. Bxa7 Rxa7 16. Ne3 Qg6+ 17. Kh1 Qh5 18. Qd1 f5 19. exf5 Nxf5 20. f4 Qxd1 21. Raxd1 exf4 22. Nd5 1/2-1/2